Applied social psychology : (Record no. 47167)
[ view plain ]
| 000 -LEADER | |
|---|---|
| fixed length control field | 01202nam a2200289 a 4500 |
| 001 - CONTROL NUMBER | |
| control field | 47167 |
| 003 - CONTROL NUMBER IDENTIFIER | |
| rucl marc code | BD-RjUL |
| 005 - DATE AND TIME OF LATEST TRANSACTION | |
| control field | 20211209054253.0 |
| 008 - FIXED-LENGTH DATA ELEMENTS--GENERAL INFORMATION | |
| fixed length control field | 160807s2005 caua bi 001 0 eng |
| 020 ## - INTERNATIONAL STANDARD BOOK NUMBER | |
| International Standard Book Number | 1412915392 (pbk.) |
| 035 ## - SYSTEM CONTROL NUMBER | |
| System control number | (BD-RjUL)47286 |
| 040 ## - CATALOGING SOURCE | |
| Original cataloging agency | DLC |
| Transcribing agency | DLC |
| Modifying agency | BD-RjUL |
| Language of cataloging | eng |
| 041 ## - LANGUAGE CODE | |
| Language code of text/sound track or separate title | eng |
| 082 00 - DEWEY DECIMAL CLASSIFICATION NUMBER | |
| Classification number | 302 |
| Edition number | 23 |
| Author mark and year | APP 2005 |
| 245 00 - TITLE STATEMENT | |
| Title | Applied social psychology : |
| Remainder of title | understanding and addressing social and practical problems / |
| Statement of responsibility, etc. | edited by Frank W. Schneider, Jamie A. Gruman, Larry M. Coutts. |
| 260 ## - PUBLICATION, DISTRIBUTION, ETC. (IMPRINT) | |
| Place of publication, distribution, etc. | Thousand Oaks, Calif. : |
| Name of publisher, distributor, etc. | SAGE Publications, |
| Date of publication, distribution, etc. | 2005. |
| 300 ## - PHYSICAL DESCRIPTION | |
| Pagination | xiii, 449 p. : |
| Illustrations | ill. ; |
| Size | 26 cm. |
| 504 ## - BIBLIOGRAPHY, ETC. NOTE | |
| Bibliography, etc | Includes bibliographical references (p. 374-420) and index. |
| 650 #0 - SUBJECT ADDED ENTRY--TOPICAL TERM | |
| Topical term or geographic name as entry element | Social psychology. |
| 9 (RLIN) | 143634 |
| 700 1# - ADDED ENTRY--PERSONAL NAME | |
| Personal name | Schneider, Frank W. |
| Personal name | Gruman, Jamie A. |
| Personal name | Coutts, Larry M. |
| 856 41 - ELECTRONIC LOCATION AND ACCESS | |
| Materials specified | Table of contents only |
| Uniform Resource Identifier | <a href="http://www.loc.gov/catdir/toc/ecip051/2004023043.html">http://www.loc.gov/catdir/toc/ecip051/2004023043.html</a> |
| Materials specified | Publisher description |
| Uniform Resource Identifier | <a href="http://www.loc.gov/catdir/enhancements/fy0658/2004023043-d.html">http://www.loc.gov/catdir/enhancements/fy0658/2004023043-d.html</a> |
| Materials specified | Contributor biographical information |
| Uniform Resource Identifier | <a href="http://www.loc.gov/catdir/enhancements/fy0734/2004023043-b.html">http://www.loc.gov/catdir/enhancements/fy0734/2004023043-b.html</a> |
| 942 ## - ADDED ENTRY ELEMENTS (KOHA) | |
| Source of classification or shelving scheme | Dewey Decimal Classification |
| Koha item type | Books |
| Lost status | Source of classification or shelving scheme | Damaged status | Not for loan | Collection code | Permanent Location | Current Location | Shelving location | Date acquired | Source of acquisition | Cost, normal purchase price | Total Checkouts | Full call number | Date last seen | Copy number | Koha item type |
|---|---|---|---|---|---|---|---|---|---|---|---|---|---|---|---|
| Dewey Decimal Classification | Non-fiction | Central Library, University of Rajshahi | Central Library, University of Rajshahi | 03/05/2008 | Dhaka paragon enterprise ltd | 75.95 | 302 APP 2005 | 07/08/2016 | C-2 | Books | |||||
| Dewey Decimal Classification | Not For Loan | Non-fiction | Central Library, University of Rajshahi | Central Library, University of Rajshahi | Reading Room | 06/02/2008 | Dhaka, Paragon Enterprises Ltd. | 72.95 | 302 APP 2005 | 11/12/2016 | C-1 | Books |